Mort subite : Œuvres françaises du XIXe siècle - Statistiques

Statistiques générales
  • Ce quiz a été pris 168 fois
  • Le résultat moyen est 5 sur 20
Answers on the Grid
Answers color-coded by a green-red scale on the quiz's grid according to % correct below.
La Dame aux Camélias
Les Misérables
Les Liaisons Dangereuses
Le Capitaine Fracasse
Du côté de chez Swann
Les travailleurs de la mer
Lettres de mon moulin
L'étranger
La Mare au diable
L'Éducation sentimentale
Cyrano de Bergerac
Les dieux ont soif
Jacques le fataliste et son maître
Ubu Roi
Le Père Goriot
Les Confessions
Les Méditations poétiques
Manon Lescaut
Les Mystères de Paris
Gaspard de la Nuit
À rebours
Aurélia
Alcools
Les Châtiments
Knock
Chatterton
Le Grand Meaulnes
La Débâcle
L'Enfant
René
 
Statistiques - réponses
Réponse % Correct
Les Misérables
83%
La Dame aux Camélias
43%
Le Père Goriot
43%
L'Éducation sentimentale
36%
Cyrano de Bergerac
34%
Le Capitaine Fracasse
32%
Les Mystères de Paris
31%
Les travailleurs de la mer
28%
La Mare au diable
27%
Lettres de mon moulin
26%
Les Châtiments
20%
Gaspard de la Nuit
17%
René
17%
Les Méditations poétiques
16%
Aurélia
15%
La Débâcle
15%
Chatterton
14%
Ubu Roi
13%
À rebours
11%
L'Enfant
11%
Aucun quiz correspondant
Distribution des résultats
% des personnes avec chaque résultat
Percentile par nombre de réponses
Votre historique - résultats
Vous n’avez pas pris ce quiz